000 00502nam a2200181Ia 4500
001 10226
005 20260306161816.0
008 260306t1963||||xx |||||||||||||| ||spa||
041 _aESP
082 _a909.07
_bA62
100 _aAntal, Frederick
_eAUT
245 0 _aEl mundo Florentino y su ambiente social:
_bla república burguesa anterior a Cosme de Medicis: siglo XIV-XV
260 _c1963
300 _a520 páginas :
_c24 cm.
650 _aGEN
654 _aCHU
942 _cLIB
_dJUS
_fJUS
_2ddc
_n
999 _c10226
_d10226